Southville International School and Colleges
Your cart is empty.
  • Cart
  • Lists
    Public lists Eva Luna New books Lux_list list_1
    Your lists Log in to create your own lists
  • Log in to your account
  • Your cookies
  • Search history
Southville International School and Colleges
  • Advanced search
  • Recent comments
  • Most popular
  • Libraries

Log in to your account

Log in with GOOGLE


If you do not have an external account, but do have a local account, you can still log in:

  1. Home
  2. MARC view: Little Too-Tall /
Normal view MARC view ISBD view

Little Too-Tall / (Record no. 290342)

[ view plain ]
MARC details
000 -LEADER
fixed length control field 00694nam a2200217Ia 4500
008 - FIXED-LENGTH DATA ELEMENTS--GENERAL INFORMATION
fixed length control field 160114s9999 xx 000 0 und d
020 ## - INTERNATIONAL STANDARD BOOK NUMBER
International Standard Book Number 0-895656949
050 ## - LIBRARY OF CONGRESS CALL NUMBER
Classification number Fic
050 ## - LIBRARY OF CONGRESS CALL NUMBER
Item number .M739l 1988
100 ## - MAIN ENTRY--PERSONAL NAME
Personal name Moncure, Jane Belk.
245 ## - TITLE STATEMENT
Title Little Too-Tall /
Statement of responsibility, etc by Jane Belk Moncure ; illustrated by Linda Hohag and Dan Spoden.
260 ## - PUBLICATION, DISTRIBUTION, ETC. (IMPRINT)
Place of publication, distribution, etc Mankato, Minnesota :
Name of publisher, distributor, etc The Child's World.
Date of publication, distribution, etc 1998
300 ## - PHYSICAL DESCRIPTION
Extent 31 pages;
Other physical details color illustrations ;
Dimensions 20 x 24 cm.
500 ## - GENERAL NOTE
General note "A book about being careful"--Cover.
650 ## - SUBJECT ADDED ENTRY--TOPICAL TERM
Topical term or geographic name as entry element Animals --
650 ## - SUBJECT ADDED ENTRY--TOPICAL TERM
Topical term or geographic name as entry element Friendship --
650 ## - SUBJECT ADDED ENTRY--TOPICAL TERM
Topical term or geographic name as entry element Ostriches --
650 ## - SUBJECT ADDED ENTRY--TOPICAL TERM
General subdivision Juvenile fiction.
650 ## - SUBJECT ADDED ENTRY--TOPICAL TERM
General subdivision Juvenile fiction.
650 ## - SUBJECT ADDED ENTRY--TOPICAL TERM
General subdivision Juvenile fiction.
Holdings
Withdrawn status Lost status Damaged status Home library Current library Shelving location Date acquired Total Checkouts Full call number Date last seen Price effective from Koha item type
      Stonyhurst Southville International School (Batangas) Stonyhurst Southville International School (Batangas) Grade School Section 01/14/2016   Fic .M739l 1988 01/14/2016 01/14/2016 Books

Little Too-Tall /

APA

Moncure J. B., . (1998). Little Too-Tall. Mankato, Minnesota: The Child's World.

Chicago

Moncure Jane Belk, . 1998. Little Too-Tall. Mankato, Minnesota: The Child's World.

Harvard

Moncure J. B., . (1998). Little Too-Tall. Mankato, Minnesota: The Child's World.

MLA

Moncure Jane Belk, . Little Too-Tall. Mankato, Minnesota: The Child's World. 1998.

  • Place hold
  • Print
  • Cite
  • Add to your cart (remove)
  • Save record
    BIBTEX Dublin Core MARCXML MARC (non-Unicode/MARC-8) MARC (Unicode/UTF-8) MARC (Unicode/UTF-8, Standard) MODS (XML) RIS
  • More searches
    Search for this title in:
    Other Libraries (WorldCat) Other Databases (Google Scholar) Online Stores (Bookfinder.com) Open Library (openlibrary.org)

Exporting to Dublin Core...

SOUTHVILLE LIBRARY

Southville International School and Colleges Library

1281 Tropical Ave. Cor. Luxembourg St., BF Homes International, Las Pinas City

Tel. No. 8256374 / 252358 Loc. 117/146

Powered by Koha